000 00415nam a2200109Ia 4500
008 160609s9999 xx 000 0 und d
245 _aAutocad 2016 For Architectural Design: Floor Plans, Elevations, Printing, 3d Architectural Modeling, And Rendering
245 _cBy:Tutorial Books
260 _c2016
650 _x3D MODELING
856 _uhttp://file.ebook777.com/003/Aut201ForArcDesFloPlaElePri3dArcModAndRen.rar
999 _c295706
_d295706